1346 1121 1119 1454 1096 1282 1943 1744 1731 1249 1134 1627 1787 1460 1250 1849 1878 1894 1838 1631 1408 1628 1163 1782 1351 1843 1026 1030 1863 1333 1233 1709 1151 1107 1951 1924 1651 1710 1923 1709 1524 1759 1020 1364 1281 1996 1879 1626 1307 1019 1471 1617 1494 1937 1820 1690 1196 1894 1239 1099 1955 1035 1799 1864 1394 1363 1826 1988 1307 1737 1570 1469 1875 1982 1620 1634 1176 1408 1330 1080 1154 1590 1423 1301 1502 1857 1463 1837 1689 1453 1900 1884 1757 1050 1563 1811 1574 1698 1978 BCNSPRNW ULIB Ver.6.0+V

เปลี่ยนเป็นภาษาไทย

Change to English
 แสดงรายละเอียดบรรณานุกรม
  กลับหน้าหลัก

Brief Record : Get Marc (ISO 2709) : E-mail record : QR code < ปิดหน้าต่าง
LEADER : 00000nam 2200000uu 4500
001    13399111731
003     ULIB
008    110707s2545||||th 000 0 tha d
020    9742693072
050  4 DS589^bส859 2545
245 00 สุราษฎร์ธานี เมืองคนดีศรีแผ่นดิน /^cกรมวิชาการ
250    พิมพ์ครั้งที่ 1
260    กรุงเทพฯ :^bกรม,^c2545
300    165 หน้า :^bภาพประกอบสี, ภาพคนเหมือน, แผนที่ ;^c30 ซม.
500    หนังสือที่ระลึกเนื่องในงานถวายกฐินพระราชทาน กรมวิชาการประจำปี 2545 ณ วัดพระบรมธาตุไชยาราชวรวิหาร อำเภอไชยา จังหวัดสุราษฎร์ธานี วันเสาร์ที่ 9 พฤศจิกายน 2545
500    หนังสืออ่านเพิ่มเติมกลุ่มสาระการเรียนรู้สังคมศึกษาศาสนาและวัฒนธรรม ช่วงชั้นประถมศึกษาปีที่ 1-6 และช่วงชั้นมัธยมศึกษาปีที่ 1-6
504    บรรณานุกรม
651  7 สุราษฎร์ธานี^xภูมิประเทศและการท่องเที่ยว
651  7 สุราษฎร์ธานี^xประวัติศาสตร์
651  7 สุราษฎร์ธานี^xความเป็นอยู่และประเพณี
653    Open Your Eyes Project
710 2  กรมวิชาการ
945    ^p0^l0^i015420
995    ทศพร
999 ^a ใช้งานได้ทุกระบบ
รายการนี้ยังไม่มีแท็ก
คุณยังไม่ได้ล็อกอิน คุณสามารถมีกิจกรรมร่วมกับเว็บไซต์ได้ แต่ต้องล็อกอินก่อน ::
  ล็อกอิน

รายการสื่อสารสนเทศ

ลำดับที่ ประเภท เลขเรียก/บาร์โค้ด สถานที่ สถานะ
- ไม่พบข้อมูล -

BibComment


ยังไม่เคยถูกคอมเมนท์

คอมเมนท์ทรัพยากรรายการนี้
  คอมเมนท์: สุราษฎร์ธานี เมือ..


 Copyright 2026. Bcnsprnw @Library